000 00586nam a2200205Ia 4500
005 20250326144536.0
008 250326s9999 xx 000 0 und d
020 _a0-631-21983-8
037 _aTextbook
040 _aFMSL
_beng
_cFMSL
041 _aeng
_2eng
084 _aS5 P4
_qFMSL
100 _aLaming D
_9749855
245 0 _aUnderstanding human motivation : what makes people tick?
_cLaming D
260 _aUnited Kingdom
_bUnited Kingdom, Blackwell
_c2004
300 _a311p
365 _b2445.5520000000001
942 _cTB
_hS5 P4
999 _c1304105
_d1304105